000 00770nam a22002417a 4500
001 09105
003 HDC
007 cr bn ---aaaaa
008 210129c20150925my |||| o||| 00| 0 may
040 _aHDC
100 _aAmir Hisham Rasid
_eAuthor
_98433
245 0 _aHOMEGROWN CHAMPIONS WITH1-INNOCERT /
_cAmir Hisham Rasid
336 _atext
_2rdacontent
337 _acomputer
_2rdamedia
338 _aonline resource
_2rdacarrier
650 _aEntrepreneur
_91863
650 _aInnovation
_96405
710 _aNew Straits Times
856 _zRequest full-text at [email protected]
942 _2lcc
942 _cNEWS
942 _kNWSC 001727
999 _c6428
_d6428